| 000 | 00995cam a22002534a 4500 | ||
|---|---|---|---|
| 001 | 11948428 | ||
| 005 | 20241219134535.0 | ||
| 008 | 000321s2001 caua b 001 0 eng | ||
| 020 | _a0534514324 | ||
| 050 | 0 | 0 |
_aHM1221 _b.H46 2001 |
| 082 | 0 | 0 |
_a659.2 _221 |
| 100 | 1 | _aHendrix, Jerry A. | |
| 245 | 1 | 0 |
_aPublic relations cases / _cJerry A. Hendrix. |
| 250 | _a5th ed. | ||
| 260 |
_aBelmont, CA : _bWadsworth/Thomson Learning, _cc2001. |
||
| 300 |
_aviii, 488 p. : _bill. ; _c24 cm. |
||
| 440 | 0 | _aWadsworth series in mass communication and journalism | |
| 650 | 0 |
_aPublic relations _zUnited States _vCase studies. |
|
| 650 | 0 |
_aPublicity _vCase studies. |
|
| 856 | 4 | 2 |
_3Contributor biographical information _uhttp://www.loc.gov/catdir/enhancements/fy1515/00036677-b.html |
| 856 | 4 | 2 |
_3Publisher description _uhttp://www.loc.gov/catdir/enhancements/fy1515/00036677-d.html |
| 856 | 4 | 1 |
_3Table of contents only _uhttp://www.loc.gov/catdir/enhancements/fy1515/00036677-t.html |
| 942 |
_2lcc _cBK _n0 |
||
| 999 |
_c2467 _d2467 |
||